Famous Porto Footballers by Picture - Statistics

General Stats
  • This quiz has been taken 291 times
  • The average score is 19 of 30
Answer Stats
Picture Answer % Correct
Pepe
98%
Iker Casillas
94%
Casemiro
92%
Deco
91%
James Rodríguez
91%
Hulk
90%
Luis Díaz
89%
Ricardo Quaresma
79%
Éder Militão
77%
Radamel Falcao
77%
Ricardo Carvalho
76%
Diogo Costa
73%
Jorge Costa
67%
Danilo
64%
Danilo Pereira
64%
João Moutinho
64%
Diogo Dalot
62%
Alex Telles
55%
Alex Sandro
54%
Fábio Vieira
53%
Otávio
50%
Jackson Martínez
47%
Bruno Alves
42%
Vítor Baía
41%
José Bosingwa
38%
Raul Meireles
37%
Nicolás Otamendi
33%
Fredy Guarín
32%
Benni McCarthy
13%
Joao Pinto
9%
No matching quizzes found
Score Distribution
Percent of People with Each Score
Percentile by Number Answered
Your Score History
You have not taken this quiz